Países más cercanos a Bosnia y Herzegovina - Estadísticas

Estadísticas generales
  • Esta prueba ha sido intentada 39 veces
  • La puntuación promedio es 19 de 20
Estadísticas de respuestas
km país % Correcto
196 Macedonia del Norte
100%
0 Montenegro
100%
0 Serbia
100%
221 Bulgaria
97%
0 Croacia
97%
282 Eslovaquia
97%
282 Grecia
97%
96 Kosovo
97%
129 Rumania
97%
45 Eslovenia
94%
153 Italia
94%
331 Alemania
92%
162 Austria
92%
372 Chequia
92%
68 Hungría
92%
94 Albania
89%
438 Suiza
86%
436 Ucrania
81%
400 Ciudad del Vaticano
78%
271 San Marino
78%
No se encontraron pruebas coincidentes
Distribución de puntuación
Porcentaje de gente con cada puntuación
Porcentaje por número respondido
Historial de tus puntuaciones
No has intentado esta prueba.